banner-ar

EGYPT REVEALED SCENES FROM NAPOLEON'S DESCRIPTION DE L'EGYPTE / (Record no. 13687)

MARC details
000 -الفاتح
حقل البيانات ثابتة الطول 00579nam a2200205Ia 4500
008 - عناصر البيانات ثابتة الطول - معلومات عامة
حقل البيانات ثابتة الطول 140319s9999 xx 000 0 eng d
040 ## - مصدر الفهرسة
وكالة الفهرسة الأصلية GCL /
وكالة النسخ GCL
082 04 - رقم تصنيف ديوى العشرى
رقم التصنيف 962.03
رقم المادة A E
100 1# - المدخل الرئيسى - إسم شخصى
الإسم الشخصى ANDERSON, ROBERT
245 10 - بيان العنوان
العنوان EGYPT REVEALED SCENES FROM NAPOLEON'S DESCRIPTION DE L'EGYPTE /
بيان المسئوليه,etc ANDERSON, ROBERT
700 1# - المدخل الاضافى - اسم شخصى
الإسم الشخصى FOWZY, IBROHIM
260 ## - PUBLICATION, DISTRIBUTION, ETC. (IMPRINT)
تاريخ النشر أو التوزيع 1987
300 ## - الوصف المادى
التعداد 196
650 04 - المدخل الاضافى بالموضوع-مصطلح موضوعى
مصطلح موضوعي EGYPT
650 04 - المدخل الاضافى بالموضوع-مصطلح موضوعى
مصطلح موضوعي FRENCH EXPEDITION
650 04 - المدخل الاضافى بالموضوع-مصطلح موضوعى
مصطلح موضوعي ANCIENT EGYPT
650 04 - المدخل الاضافى بالموضوع-مصطلح موضوعى
مصطلح موضوعي OTTOMAN EMPIRE
942 ## - عناصر المدخل الإضافي( كوها)
مصدر التصنيف او مخطط الترفيف Dewey Decimal Classification
Koha [default] item type كتاب
260 ## - PUBLICATION, DISTRIBUTION, ETC. (IMPRINT)
-- [S.N] :
-- THE AMERICAN UNIVERSITY IN CAIRO PRESS ،
Holdings
حالة التراجع حالة الفقد حالة تلف ليس للاعارة المكان المؤقت الموقع الحالى تاريخ الاكتساب اجمالي اﻻعارات رقم الطلب الباركود تاريخ اخر مشاهدة تاريخ تفعيل السعر نوع وعاء كوها
        مكتبة القاهرة الكبرى مكتبة القاهرة الكبرى 03/26/2014   962.03\A E 26046 03/26/2014 03/26/2014 كتاب

Powered By

EGPV